Bolton Wanderers Premier League XIs - Statistics

General Stats
  • This quiz has been taken 321 times
    205 since last reset
  • The average score is 18 of 64
Answer Stats
Answer % Correct
Jay-Jay Okocha
86%
Kevin Davies
78%
Mark Davies
77%
Jussi Jääskeläinen
71%
Kevin Nolan
62%
Nicolas Anelka
60%
Gary Cahill
57%
Iván Campo
54%
Youri Djorkaeff
47%
Chung-yong Lee
44%
El Hadji Diouf
44%
Matthew Taylor
44%
Johan Elmander
41%
Michael Ricketts
38%
Ricardo Gardner
38%
Sam Ricketts
38%
Gary Speed
36%
Stelios Giannakopoulos
36%
Stuart Holden
36%
Fabrice Muamba
33%
Ádám Bogdán
32%
John McGinlay
31%
Nicky Hunt
30%
Bruno N'Gotty
28%
Grétar Steinsson
28%
Guðni Bergsson
28%
Tal Ben Haim
28%
David Wheater
26%
Henrik Pedersen
26%
Paul Robinson
26%
Zat Knight
26%
Abdoulaye Faye
24%
Alan Stubbs
23%
Per Frandsen
23%
Alan Thompson
22%
Andy O'Brien
22%
Jlloyd Samuel
22%
Joey O'Brien
22%
Jimmy Phillips
21%
Keith Branagan
20%
Nathan Blake
20%
Nigel Reo-Coker
17%
Simon Charlton
17%
Tamir Cohen
17%
Abdoulaye Méïté
16%
Chris Eagles
16%
Gavin McCann
16%
Radhi Jaidi
16%
Anthony Barness
15%
Mark Fish
15%
David N'Gog
14%
Emerson Thome
14%
Mike Whitlow
14%
Paul Warhurst
14%
Saša Ćurčić
14%
Andy Todd
13%
Fabien de Freitas
13%
Martin Petrov
13%
Scott Green
13%
Scott Sellars
10%
Chris Fairclough
8%
Danny Guthrie
8%
Jamie Pollock
6%
Neil Cox
6%
No matching quizzes found
Score Distribution
Percent of People with Each Score
Percentile by Number Answered
Your Score History
You have not taken this quiz since the last reset